Beast quest: amulet of avantia (Record no. 365816)
[ view plain ]
| 000 -LEADER | |
|---|---|
| fixed length control field | 00511nam a22001817a 4500 |
| 003 - CONTROL NUMBER IDENTIFIER | |
| control field | 0 |
| 005 - DATE AND TIME OF LATEST TRANSACTION | |
| control field | 20240109065435.0 |
| 008 - FIXED-LENGTH DATA ELEMENTS--GENERAL INFORMATION | |
| fixed length control field | 240109b xxu||||| |||| 00| 0 eng d |
| 020 ## - INTERNATIONAL STANDARD BOOK NUMBER | |
| International Standard Book Number | 978-0-545-27093-9 |
| 050 ## - LIBRARY OF CONGRESS CALL NUMBER | |
| Classification number | FIC |
| Item number | Bl627 2011 |
| 082 ## - DEWEY DECIMAL CLASSIFICATION NUMBER | |
| Classification number | FIC |
| Item number | Bl627 2011 |
| 100 ## - MAIN ENTRY--PERSONAL NAME | |
| Personal name | Blade, Adam |
| 245 ## - TITLE STATEMENT | |
| Title | Beast quest: amulet of avantia |
| Statement of responsibility, etc | Adam Blade |
| 260 ## - PUBLICATION, DISTRIBUTION, ETC. (IMPRINT) | |
| Place of publication, distribution, etc | New York |
| Name of publisher, distributor, etc | Scholastic, Inc. |
| Date of publication, distribution, etc | c2011. |
| 300 ## - PHYSICAL DESCRIPTION | |
| Extent | 78 pages : |
| Other physical details | black and white illustrations ; |
| Dimensions | 20cm. |
| 650 ## - SUBJECT ADDED ENTRY--TOPICAL TERM | |
| Topical term or geographic name as entry element | Fiction. |
| 942 ## - ADDED ENTRY ELEMENTS (KOHA) | |
| Source of classification or shelving scheme | Dewey Decimal Classification |
| Koha item type | Books |
| Withdrawn status | Lost status | Source of classification or shelving scheme | Damaged status | Home library | Current library | Shelving location | Date acquired | Source of acquisition | Sub Shelving location | Total Checkouts | Full call number | Barcode | Date last seen | Price effective from | Koha item type |
|---|---|---|---|---|---|---|---|---|---|---|---|---|---|---|---|
| Dewey Decimal Classification | Munich Library | Munich Library | Fiction Section | 01/09/2024 | Library Fund | FIC Bl627 2011 | M8645 | 01/09/2024 | 01/09/2024 | Books | |||||
| Dewey Decimal Classification | Munich Library | Munich Library | Fiction Section | 02/05/2026 | Library Fund | FIC Bl627 2011 | M9226 | 02/05/2026 | 02/05/2026 | Books |